An Anthology of English Drama Before Shakespeare.
Salvato in:
| Autore principale: | |
|---|---|
| Natura: | Libro |
| Pubblicazione: |
New York, USA:
Rinehart & Company, Inc.,
1952.
|
| Serie: | Rinehart Editions
|
| Soggetti: | |
| Tags: |
Aggiungi Tag
Nessun Tag, puoi essere il primo ad aggiungerne!!
|
MARC
| LEADER | 00000nam a22000007a 4500 | ||
|---|---|---|---|
| 003 | CL-VaPUC | ||
| 005 | 20230718090217.0 | ||
| 008 | 230622t1952 ||||| |||| 00| 0 eng d | ||
| 999 | |c 441238 |d 441236 | ||
| 040 | |c Pontificia Universidad Católica de Valparaíso | ||
| 082 | 0 | 4 | |2 21 |a 822 HEI 1952 |
| 100 | 1 | |a Heilman, Robert Bechtold |9 362722 |e editor |e introduction | |
| 245 | 1 | 3 | |a An Anthology of English Drama Before Shakespeare. |
| 260 | |a New York, USA: |b Rinehart & Company, Inc., |c 1952. | ||
| 300 | |a 405 páginas. | ||
| 490 | 0 | |a Rinehart Editions |n 45. | |
| 500 | |a c.1 Donación Marianne Oesterle. Memo EDU 8-06-2023 | ||
| 505 | |a -The N. Towne Betrayal - The York Crucifixion - The Wakefield Noah - The Wakefield Second Shepherds' Play - Everyman - Grammer Gurton's Needle - The Honorable History of Friar Bacon and Friar Bungay - The Spanish Tragedy, or Hieronimo Is Mad Again - The Tragical History of Dr. Faustus | ||
| 583 | |c 20230622 |k Catalogador Asistente | ||
| 650 | 1 | |a Teatro inglés |9 883543 | |
| 650 | 1 | |a Dramas ingleses |9 269396 | |
| 650 | 1 | |a Teatro isabelino |9 371948 | |
| 650 | 1 | |a Literatura inglesa |x Antologías |9 883544 | |
| 942 | |2 ddc |c BK | ||
| 952 | |0 0 |1 0 |2 ddc |4 0 |6 822_000000000000000_HEI_1952 |7 0 |8 A |9 590561 |a BIBEDU |b BIBEDU |c GEN |d 2023-06-22 |e Donación |i 5656696 |o 822 HEI 1952 |p 5656696 |r 2023-06-22 |t 1 |w 2023-06-22 |y BK |k CIT | ||